Những bế tắc của lầu năm góc "sau Việt Nam"
Nội dung các tư tưởng học thuyết quân sự của Mỹ, những nguyên tắc chiến tranh, các chiến lược, chiến thuật quân sự cơ bản của Mỹ trong chiến tranh Việt Nam. sự khủng hoảng về chính sách quân sự và thất bại của đế quốc Mỹ tại Việt nam. Các biện pháp của nhà cầm quyền mỹ trong chiến lược quân sự toàn...
Shranjeno v:
| Glavni avtor: | |
|---|---|
| Format: | Knjiga |
| Jezik: | Vietnamese |
| Izdano: |
H.
Quân đội nhân dân
1981
|
| Teme: | |
| Oznake: |
Označite
Brez oznak, prvi označite!
|
| Thư viện lưu trữ: | Mạng thư viện Đại học Đà Nẵng |
|---|
| LEADER | 01580nam a22003498a 4500 | ||
|---|---|---|---|
| 001 | 000006633 | ||
| 003 | 2791 | ||
| 005 | 20110916090949.0 | ||
| 008 | 110915s1981 b 000 0 vieod | ||
| 020 | |c 15000 |d 7200b | ||
| 041 | 0 | |a vie | |
| 082 | |a 355.48 |b NH-V | ||
| 084 | |a T |b NH556B | ||
| 100 | 1 | |a Nhuận Vũ | |
| 245 | 1 | 0 | |a Những bế tắc của lầu năm góc "sau Việt Nam" |c Nhuận Vũ |
| 260 | |a H. |b Quân đội nhân dân |c 1981 | ||
| 300 | |a 277tr |c 19cm | ||
| 520 | |a Nội dung các tư tưởng học thuyết quân sự của Mỹ, những nguyên tắc chiến tranh, các chiến lược, chiến thuật quân sự cơ bản của Mỹ trong chiến tranh Việt Nam. sự khủng hoảng về chính sách quân sự và thất bại của đế quốc Mỹ tại Việt nam. Các biện pháp của nhà cầm quyền mỹ trong chiến lược quân sự toàn cầu, chống lại thế mạnh của ba dòng thác cách mạng trên thế giới | ||
| 653 | |a Mỹ | ||
| 653 | |a học thuyết quân sự | ||
| 653 | |a chiến lược quân sự | ||
| 653 | |a chiến tranh Việt Nam | ||
| OWN | |a LSP | ||
| AVA | |a UDN50 |b LSP |d 355.48 NH-V |e unavailable |t Error 5002 Not defined in file expand_doc_bib_avail. |f 2 |g 2 |h N |i 0 |k 1 | ||
| 999 | |a From the UDN01 | ||
| AVA | |a UDN50 |b LSP |d 355.48 NH-V |e unavailable |t Error 5002 Not defined in file expand_doc_bib_avail. |f 2 |g 2 |h N |i 0 |k 1 | ||
| TYP | |a Monograph | ||
| TYP | |a Printed language | ||
| 980 | |a Mạng thư viện Đại học Đà Nẵng | ||